Statistics for Five Biggest Coastal Cities by Continent

Click here to take the quiz!

General Stats

  • This quiz has been taken 314 times
  • The average score is 22 of 30

Answer Stats

ContinentPopulationCity% Correct
North America17.6 milLos Angeles
97%
North America22.0 milNew York City
97%
South America12.7 milRio de Janeiro
93%
Oceania4.90 milSydney
89%
Asia39.5 milTokyo
89%
Europe4.65 milBarcelona
87%
Oceania4.40 milMelbourne
87%
North America7.60 milSan Francisco
86%
Asia30.9 milShanghai
85%
Europe14.3 milIstanbul
84%
South America15.8 milBuenos Aires
82%
South America9.95 milLima
81%
Oceania2.03 milPerth
81%
Africa17.1 milLagos
80%
Oceania1.44 milAuckland
79%
Asia28.1 milJakarta
78%
Asia47.7 milGuangzhou
77%
Oceania2.90 milBrisbane
76%
Europe5.45 milSt. Petersburg
75%
Europe3.60 milRome
74%
North America7.35 milBoston
73%
Africa5.15 milAlexandria
70%
Europe4.25 milNaples
63%
North America6.20 milHouston
59%
Africa5.30 milDar es Salaam
56%
Africa6.80 milLuanda
54%
Asia24.3 milKarachi
49%
Africa5.05 milAbidjan
44%
South America3.78 milRecife
44%
South America4.08 milPorto Alegre
42%

Score Distribution

Percentile by Number Answered

Percent of People with Each Score

Your Score History

You have not taken this quiz